000 00879na a2200289 4500
001 15669
003 MIRAKIL
005 20181213155306.0
008 161005b tu 000 0
035 _a15669
040 _aMilas
_btur
_cTR-AnCHP
041 _atur
082 _a320.9561
_bK91t 1985
090 _a320.956 K91t 1985
100 _aKüçük, Yalçın
_d1938-
245 _aTürkiye üzerine tezler
_b1908-1978
_b(Nezih Danyal'ın çizgisiyle)
_cYalçın Küçük
250 _a4.bs.
260 _aAnkara
_bTekin yayınevi
_c1985
300 _a3 c.
_btbl. , res
_c19 sm.
504 _aKaynakça var.
650 _aSiyasal tarih
_xDenemeler
_zTürkiye
651 _aTürkiye
_xEkonomi politkaları
651 _aTürkiye
_xSosyo ekonomik durum
651 _aTürkiye
_xSiyasal tarih
651 _aTürkiye
_xSiyaset ve yönetim
_y20. yüzyıl
942 _2dcc
_cBKS
999 _c10082
_d10082